Największe europejskie miasta na literę V - Quiz z mapą - Statystyki

Ogólne statystyki
  • Ten quiz został rozwiązany 34 razy
  • Średni wynik to 3 z 20
Odpowiedzi na mapie
Odpowiedzi zakodowano w zielono-czerwonej skali na mapie do tego quizu, zgodnie z poniższymi procentami.
 
Statystyki odpowiedzi
Liczba
Ludności
Kraj Miasto % Poprawnych
292817 Hiszpania Vigo
72%
301876 Hiszpania Valladolid
47%
102316 Holandia Venlo
34%
242705 Hiszpania Vitoria
28%
242819 Finlandia Vantaa
19%
80588 Włochy Varese
13%
128660 Szwecja Vasteras
13%
88725 Portugalia Viana do Castelo
6%
303854 Portugalia Vila Nova de Gaia
6%
79250 Niemcy Viersen
3%
136886 Portugalia Vila Franca de Xira
3%
154781 Francja Villeurbanne
3%
111980 Włochy Vincenza
3%
79100 Hiszpania Valdemoro
0%
82462 Niemcy Velbert
0%
79533 Portugalia Vila do Conde
0%
133832 Portugalia Vila Nova da Famailcao
0%
100105 Portugalia Viseu
0%
95649 Francja Vitry-sur-Seine
0%
73924 Holandia Vlaardingen
0%
Nie znaleziono quizów pasujących do podanych kryteriów
Rozkład punktacji
Procent ludzi z każdym wynikiem
Percentyl według liczby udzielonych odpowiedzi
Twoja historia wyników
Nie rozwiązałeś tego quizu